[Event "Komotini GP"]
[Site "Komotini"]
[Date "1993.??.??"]
[Round "2"]
[White "Wojtkiewicz, Aleksander"]
[Black "Vouldis, Angelos"]
[Result "1-0"]
[WhiteElo "2570"]
[BlackElo "2285"]

1.Nf3 Nf6 2.c4 g6 3.g3 Bg7 4.Bg2 O-O 5.d4 d6 6.O-O c5 7.dxc5 dxc5 8.Ne5 Nfd7
9.Nxd7 Nxd7 10.Qb3 Nb6 11.Rd1 Bd7 12.Nc3 Qc8 13.Nb5 a6 14.Nc3 Qc7 15.Bg5 Rae8
16.Be3 Bc8 17.a4 Nd7 18.a5 Bxc3 19.Qxc3 f6 20.Bf4 Qd8 21.Bd5+ e6 22.Bg2 b6
23.Rd6 g5 24.Be3 Qc7 25.Rc6 Qb8 26.Bh3 g4 27.Bxg4 Ne5 28.Rxb6  1-0

[Event "Komotini GP"]
[Site "Komotini"]
[Date "1993.??.??"]
[Round "3"]
[White "Nikolaidis, Ioannis"]
[Black "Wojtkiewicz, Aleksander"]
[Result "1/2-1/2"]
[WhiteElo "2440"]
[BlackElo "2570"]

1.d4 Nf6 2.c4 c5 3.d5 e6 4.Nc3 exd5 5.cxd5 d6 6.e4 g6 7.Nf3 a6 8.h3 b5 9.Bd3 Bg7
10.O-O O-O 11.Bf4 Re8 12.Re1 Bb7 13.a3 Qb6 14.Rc1 Nbd7 15.b4 Rac8 16.Qd2 Nh5
17.Bg5 Nhf6 18.Bf4 Qd8 19.Bh2 Qe7 20.g4  1/2-1/2

[Event "Komotini GP"]
[Site "Komotini"]
[Date "1993.??.??"]
[Round "4"]
[White "Wojtkiewicz, Aleksander"]
[Black "Kalesis, Nikolaos"]
[Result "1-0"]
[WhiteElo "2570"]
[BlackElo "2410"]

1.Nf3 Nf6 2.c4 c5 3.Nc3 b6 4.g3 Bb7 5.Bg2 e6 6.O-O d6 7.Re1 a6 8.e4 Nbd7
9.d4 cxd4 10.Nxd4 Qc7 11.Nd5 exd5 12.exd5+ Kd8 13.Nc6+ Bxc6 14.dxc6 Nc5 15.b4 Ne6
16.c5 Be7 17.cxb6 Qxb6 18.Be3 Qxb4 19.Rb1 Qc4 20.c7+ Kd7 21.Rc1 Qxc1 22.Qa4+  1-0

[Event "Komotini GP"]
[Site "Komotini"]
[Date "1993.??.??"]
[Round "5"]
[White "Grosar, Aljosa"]
[Black "Wojtkiewicz, Aleksander"]
[Result "1/2-1/2"]
[WhiteElo "2470"]
[BlackElo "2570"]

1.e4 c5 2.Nf3 d6 3.d4 cxd4 4.Nxd4 Nf6 5.Nc3 a6 6.Be3 e6 7.f3 b5 8.g4 Bb7
9.Qd2 Nfd7 10.O-O-O Nb6 11.Bd3 N8d7 12.Qf2 Rc8 13.Nce2 Nc4 14.Bxc4 Rxc4 15.Kb1 Rc8
16.g5 Qc7 17.Ng3 g6 18.h4 Bg7 19.h5 d5 20.exd5 Bxd5 21.Ne4 Bxe4 22.fxe4 Nc5
23.hxg6 hxg6 24.Rxh8+ Bxh8 25.Rf1 Nxe4 26.Nxe6 Nxf2 27.Nxc7+ Rxc7 28.Rxf2 Re7
29.Bd2 Bd4 30.Rg2 Re4 31.c3 Be5 32.Kc2 Kd7 33.b3 Ke6 34.Kd3 Rh4 35.Re2 Rg4
36.Be3 Kd5 37.Rf2 Ke6 38.c4 bxc4+ 39.bxc4 f5  1/2-1/2

[Event "Komotini GP"]
[Site "Komotini"]
[Date "1993.??.??"]
[Round "7"]
[White "Petursson, Margeir"]
[Black "Wojtkiewicz, Aleksander"]
[Result "1/2-1/2"]
[WhiteElo "2560"]
[BlackElo "2570"]

1.d4 Nf6 2.c4 g6 3.Nc3 Bg7 4.e4 d6 5.Be2 O-O 6.Bg5 c5 7.dxc5 Qa5 8.Bd2 Qxc5
9.Nf3 Bg4 10.O-O Bxf3 11.Bxf3 Nc6 12.Be2 Qd4 13.Be3 Qxd1 14.Rfxd1 Nd7 15.Rac1 Nc5
16.f3 Rfc8 17.b3 Kf8 18.Bf1 Ne6 19.Kf2 Bd4 20.g3 Bxe3+ 21.Kxe3 Nc5 22.Rd2 a5
23.Rb1 Rd8 24.Nb5 Na7 25.Nc3 e6 26.f4 Ke7 27.a3 Nc6 28.Nb5 Rd7 29.b4 axb4
30.axb4 Na6 31.Ra2 Rdd8 32.Ra4 e5 33.Be2 f6 34.h4 h6 35.Bd1 Rg8 36.Nc3 Nc7
37.Rb2 Rxa4 38.Bxa4 Nd4 39.c5 Rc8 40.Bb3 Ra8 41.Ba4 Ke6 42.Ra2 Ke7 43.Rb2 Nde6
44.Rd2 Nd4 45.Rb2 Nde6 46.Rd2  1/2-1/2

[Event "Komotini GP"]
[Site "Komotini"]
[Date "1993.??.??"]
[Round "8"]
[White "Wojtkiewicz, Aleksander"]
[Black "Atalik, Suat"]
[Result "1/2-1/2"]
[WhiteElo "2570"]
[BlackElo "2535"]

1.Nf3 Nf6 2.c4 g6 3.g3 Bg7 4.Bg2 O-O 5.d4 d6 6.O-O Nc6 7.Nc3 Rb8 8.h3 a6
9.a4 a5 10.e4 e5 11.Be3 Re8 12.d5 Nb4 13.Ne1 Nd7 14.Na2 Na6 15.Bd2 c6 16.b4 axb4
17.Nxb4 Ndc5 18.Ned3 cxd5 19.cxd5 f5 20.Nxa6 Nxa6 21.Kh2 Qd7 22.Qe2 Rf8 23.f3 f4
24.g4 Bf6 25.Be1 h5 26.Bf2 Qh7 27.Kg1 Bd7 28.Rfb1 hxg4 29.hxg4 b5 30.axb5 Rxb5
31.Rc1 Nb4 32.Ne1 Rb7 33.Qd2 Bh4 34.Bxh4 Qxh4 35.Qf2 Qxf2+ 36.Kxf2 Rfb8 37.Bf1 Kf7
38.Rc3 Kf6 39.Kg1 Kg5 40.Kf2  1/2-1/2

[Event "Las Vegas op"]
[Site "Las Vegas"]
[Date "1993.??.??"]
[Round "3"]
[White "Wojtkiewicz, Aleksander"]
[Black "Anderson, Renard"]
[Result "1-0"]
[WhiteElo "2580"]
[BlackElo "2275"]

1.Nf3 Nf6 2.c4 g6 3.g3 Bg7 4.Bg2 O-O 5.d4 d6 6.O-O Nbd7 7.Nc3 e5 8.e4 c6
9.h3 Qb6 10.Re1 exd4 11.Nxd4 Re8 12.Re2 Ng4 13.Rd2 Nge5 14.b3 Nc5 15.Rc2 a5
16.Rb1 Ned7 17.Be3 Qc7 18.Re2 Nf8 19.Rd2 Nfd7 20.Qc2 Ne5 21.f4 Ned7 22.Bf2 Na6
23.a3 Nac5 24.b4 axb4 25.axb4 Ne6 26.Nxe6 Rxe6 27.Rbd1 Bf8 28.Na4 b6 29.Kh2 Ba6
30.e5 Rd8 31.h4 dxe5 32.Nxb6 Re7 33.fxe5 Bc8 34.Qe4 Nxe5 35.Rxd8 Ng4+ 36.Kg1  1-0

[Event "Las Vegas op"]
[Site "Las Vegas"]
[Date "1993.??.??"]
[Round "4"]
[White "Wojtkiewicz, Aleksander"]
[Black "Gulko, Boris F"]
[Result "1/2-1/2"]
[WhiteElo "2580"]
[BlackElo "2625"]

1.Nf3 d5 2.d4 Bf5 3.c4 e6 4.Qb3 Nc6 5.Bd2 Rb8 6.e3 Nf6 7.Nc3 Be7 8.Nh4 Be4
9.cxd5 exd5 10.Be2 h6  1/2-1/2

[Event "POL-chT"]
[Site "Lubniewice"]
[Date "1993.??.??"]
[Round "?"]
[White "Wojtkiewicz, Aleksander"]
[Black "Krasenkow, Michal"]
[Result "1/2-1/2"]
[WhiteElo "2570"]
[BlackElo "2595"]

1.Nf3 Nf6 2.c4 e6 3.Nc3 d5 4.d4 Nbd7 5.Bg5 Bb4 6.cxd5 exd5 7.e3 c5 8.Bd3 Qa5
9.Qc2 c4 10.Bf5 O-O 11.O-O Re8 12.Nd2 g6 13.Bxd7  1/2-1/2

[Event "POL-chT"]
[Site "Lubniewice"]
[Date "1993.??.??"]
[Round "?"]
[White "Wojtkiewicz, Aleksander"]
[Black "Kaminski, Marcin"]
[Result "1/2-1/2"]
[WhiteElo "2570"]
[BlackElo "2450"]

1.Nf3 Nf6 2.c4 g6 3.g3 c6 4.b3 Bg7 5.Bb2 O-O 6.Bg2 d5 7.O-O a5 8.Qc2 Na6
9.a3 b5 10.d3 Bd7 11.Nbd2 Rb8 12.Be5 Rc8 13.Qb2 Nc5 14.cxb5 cxb5 15.Rfc1 Ne6
16.b4 Qb6 17.h3 a4 18.Kf1 Rfd8 19.e3 Qa6 20.Rxc8 Rxc8 21.Rc1 Rxc1+ 22.Qxc1 Qc8
23.Qxc8+ Bxc8 24.Nb1 Ne8 25.Nc3 N8c7 26.Bxg7 Kxg7 27.Ne5 Bb7 28.d4 Nd8 29.h4 f6
30.Nd7 Nf7 31.Nc5  1/2-1/2

[Event "POL-chT"]
[Site "Lubniewice"]
[Date "1993.??.??"]
[Round "?"]
[White "Murdzia, Piotr"]
[Black "Wojtkiewicz, Aleksander"]
[Result "1-0"]
[WhiteElo "2435"]
[BlackElo "2570"]

1.d4 Nf6 2.c4 e6 3.Nc3 c5 4.d5 exd5 5.cxd5 d6 6.e4 g6 7.h3 Bg7 8.Nf3 O-O
9.Bd3 b5 10.Nxb5 Re8 11.O-O Nxe4 12.Re1 Ba6 13.Qa4 Nf6 14.Bg5 Rf8 15.Rad1 Qb6
16.Bf1 Nbd7 17.Bf4 c4 18.Nxd6 Nc5 19.Qa3 Nfd7 20.Rb1 Rab8 21.Nxc4 Bxc4 22.Bxc4 Bxb2
23.Qe3 Rb7 24.Re2 Na4 25.Qxb6 Rxb6 26.Bb3 Ba3 27.Rbe1 Nc3 28.Rc2 Nb5 29.Rc6 Bd6
30.Bh6 Rd8 31.Ba4 Bb4 32.Re4 Nc3 33.Rxc3 Bxc3 34.Bxd7 Bg7 35.Bxg7 Kxg7 36.Bc6 Kf8
37.a4 Rb1+ 38.Kh2 Rb2 39.Kg3 Rb3 40.h4 h6 41.Kh2 Rb2 42.Ne5 Rxf2 43.Kg1 Ra2
44.Rf4  1-0

[Event "POL-chT"]
[Site "Lubniewice"]
[Date "1993.??.??"]
[Round "?"]
[White "Chekhov, Valery A"]
[Black "Wojtkiewicz, Aleksander"]
[Result "1/2-1/2"]
[WhiteElo "2480"]
[BlackElo "2570"]

1.Nf3 c5 2.c4 Nf6 3.Nc3 e6 4.e3 d5 5.cxd5 exd5 6.d4 Nc6 7.Be2 cxd4 8.Nxd4 Bd6
9.O-O O-O 10.b3 Be5 11.Nxc6 bxc6 12.Bb2 c5 13.Qc2 Bb7 14.Na4 Bxb2 15.Qxb2 Rc8
16.Rac1 Qe7 17.Bf3 Rc7 18.Rc2 Rfc8 19.Rfc1 g6 20.Qa3 Nd7 21.h3  1/2-1/2

[Event "POL-chT"]
[Site "Lubniewice"]
[Date "1993.??.??"]
[Round "?"]
[White "Jasnikowski, Zbigniew"]
[Black "Wojtkiewicz, Aleksander"]
[Result "1/2-1/2"]
[WhiteElo "2450"]
[BlackElo "2570"]

1.d4 Nf6 2.c4 g6 3.Nf3 Bg7 4.g3 O-O 5.Bg2 d6 6.Nc3 c6 7.O-O Bf5 8.Qb3 Qb6
9.Re1 Na6 10.e4 Bg4 11.Be3 Qxb3 12.axb3 Nd7 13.h3 Bxf3 14.Bxf3  1/2-1/2

[Event "New York Hudson"]
[Site "New York"]
[Date "1993.??.??"]
[Round "1"]
[White "Sherzer, Alex"]
[Black "Wojtkiewicz, Aleksander"]
[Result "0-1"]
[WhiteElo "2465"]
[BlackElo "2580"]

1.e4 c5 2.Nf3 d6 3.d4 cxd4 4.Nxd4 Nf6 5.Nc3 a6 6.f4 e5 7.Nf3 Nbd7 8.a4 Be7
9.Bd3 O-O 10.O-O exf4 11.Kh1 Ne5 12.Bxf4 Qc7 13.Qd2 Be6 14.Nd4 Rfe8 15.Bxe5 dxe5
16.Nxe6 fxe6 17.Qe2 Rad8 18.Nd1 Bc5 19.Ne3 Rf8 20.Ng4 Nd7 21.Bc4 Qc6 22.Bb3 h5
23.Nf2 Bxf2 24.Rxf2 g6 25.Rxf8+ Rxf8 26.Rf1 Nc5 27.a5 Rxf1+ 28.Qxf1 Nxb3
29.cxb3 Qxe4 30.h3 Kg7 31.Qc1 Qc6 32.Qg5 Qd6 33.Qe3 Qd1+ 34.Kh2 Qd4 35.Qc3 Qd6
36.Kg1 h4 37.Kf2 g5 38.Ke2 Qd5 39.Kf2 Kf6 40.b4 Kf5 41.Qc7 Qd4+ 42.Kf1 Qxb4
43.Qf7+ Ke4 44.Qxe6 Qb5+ 45.Kg1 Ke3 46.g3 Qc5 47.Qf5 Qc1+ 48.Kg2 Qxb2+ 49.Kg1 Qc1+
50.Kg2 Qd2+  0-1

[Event "New York op"]
[Site "New York"]
[Date "1993.??.??"]
[Round "1"]
[White "Lapshin, Vladimir"]
[Black "Wojtkiewicz, Aleksander"]
[Result "0-1"]
[WhiteElo "2265"]
[BlackElo "2580"]

1.e4 c5 2.Nf3 d6 3.d4 cxd4 4.Nxd4 Nf6 5.Nc3 a6 6.Bg5 e6 7.f4 Qc7 8.Qf3 b5
9.a3 Nbd7 10.Be2 Bb7 11.Bxf6 Nxf6 12.g4 d5 13.e5 Nd7 14.Bd3 g5 15.fxg5 Qxe5+
16.Nce2 Qxg5 17.Rf1 Ne5 18.Qg3 Bd6 19.Rf4 h5 20.h4 Nxd3+ 21.Qxd3 Qxh4+ 22.Rf2 hxg4
23.Nxe6 fxe6 24.Qg6+ Kd7 25.Nd4 Raf8 26.Qxe6+ Kc7 27.Nf5 Re8  0-1

[Event "New York Hudson"]
[Site "New York"]
[Date "1993.??.??"]
[Round "2"]
[White "Wojtkiewicz, Aleksander"]
[Black "Shabalov, Alexander"]
[Result "1/2-1/2"]
[WhiteElo "2580"]
[BlackElo "2575"]

1.c4 f5 2.d4 Nf6 3.g3 c6 4.Nf3 e6 5.Bg2 d5 6.O-O Bd6 7.b3 Qe7 8.Bf4 Bxf4
9.gxf4 Nbd7 10.Nc3 O-O 11.e3 Kh8 12.Ne2 b6 13.Qc2 Bb7 14.Ne5 Rac8 15.Rfd1 c5
16.Qb2 cxd4 17.Qxd4 Rfd8 18.Qb2 Nxe5 19.fxe5 Ne4 20.f3 Nc5 21.cxd5 Bxd5 22.Nf4 Bb7
23.Rac1 a5 24.Rd4 Rxd4 25.exd4 Qg5 26.Qd2 Rd8 27.Rc3 Na6 28.a3 Qe7 29.Bf1 Qg5+
30.Kf2 Qh4+ 31.Kg1 Qg5+ 32.Kf2 Qh4+ 33.Kg1  1/2-1/2

[Event "New York op"]
[Site "New York"]
[Date "1993.??.??"]
[Round "3"]
[White "Waitzkin, Joshua"]
[Black "Wojtkiewicz, Aleksander"]
[Result "1-0"]
[WhiteElo "2345"]
[BlackElo "2580"]

1.e4 c5 2.Nf3 d6 3.d4 cxd4 4.Nxd4 Nf6 5.Nc3 a6 6.Bc4 e6 7.Bb3 Be7 8.g4 d5
9.exd5 Nxd5 10.Nxd5 exd5 11.Nf5 Bxf5 12.gxf5 d4 13.Qg4 Bf6 14.Bf4 Qe7+ 15.Kf1 O-O
16.Rg1 Kh8 17.Re1 Qd7 18.Rg3 Nc6 19.Rh3 g5 20.Bxg5 Bxg5 21.Qxg5 f6 22.Qh5 Rad8
23.Re4 Qc7 24.Reh4 Rd7 25.Qh6 Rg7 26.Rg3 Qe7 27.Re4 Ne5 28.f4 Rxg3 29.hxg3 Ng4
30.Rxe7 Nxh6 31.Be6 Rd8 32.Ke2 b5 33.Ra7 Ng4 34.Rxa6 Ne3 35.Kd3 h5 36.Ra7 Nf1
37.Rf7 Nxg3 38.Rxf6 Kh7 39.Rg6 Nh1 40.Rg2  1-0

[Event "New York op"]
[Site "New York"]
[Date "1993.??.??"]
[Round "4"]
[White "Wojtkiewicz, Aleksander"]
[Black "Laflair, R."]
[Result "1-0"]
[WhiteElo "2580"]
[BlackElo "2310"]

1.Nf3 Nf6 2.c4 c5 3.Nc3 Nc6 4.g3 g6 5.Bg2 Bg7 6.d4 cxd4 7.Nxd4 Nxd4 8.Qxd4 O-O
9.O-O d6 10.Qd3 a6 11.Be3 Bf5 12.Qd2 Ng4 13.Bd4 Ne5 14.b3 Rb8 15.a4 Nc6 16.Bxg7 Kxg7
17.Nd5 a5 18.Rfd1 Qc8 19.Qc3+ Kg8 20.Rac1 Bh3 21.Nb6 Qe6 22.Bf3 Qe5 23.Qxe5 Nxe5
24.Rd5 Nc6 25.Rcd1 Be6 26.Rb5 Rfd8 27.Kg2 Kf8 28.g4 h6 29.Kg3 g5 30.Bd5 Kg7
31.h4 Kf6 32.e3 Rg8 33.Rh1 Rbd8 34.hxg5+ hxg5 35.Rh6+ Rg6 36.Rxg6+ Kxg6 37.Bxc6 bxc6
38.Rxa5 Rb8 39.Ra6 c5 40.a5 Rh8 41.Ra8  1-0

[Event "New York Hudson"]
[Site "New York"]
[Date "1993.??.??"]
[Round "4"]
[White "Wojtkiewicz, Aleksander"]
[Black "Yermolinsky, Alex"]
[Result "1/2-1/2"]
[WhiteElo "2580"]
[BlackElo "2615"]

1.Nf3 d5 2.d4 c6 3.c4 e6 4.Nbd2 Nf6 5.g3 c5 6.Bg2 Nc6 7.O-O cxd4 8.cxd5 Nxd5
9.Nb3 Be7 10.Nbxd4 Nxd4 11.Nxd4 O-O 12.e4 Nb4 13.a3 e5 14.Nf5 Nc6 15.Be3 Bf6
16.Bc5 Qxd1 17.Rfxd1 Rd8 18.Rxd8+ Bxd8 19.Rd1 Be6 20.Bf1 Bb6 21.Bxb6 axb6
22.Ne3 Kf8 23.Bc4 Ke7 24.Nd5+ Bxd5 25.Bxd5 f6 26.Kf1 Ra4  1/2-1/2

[Event "New York Hudson"]
[Site "New York"]
[Date "1993.??.??"]
[Round "5"]
[White "Ehlvest, Jaan"]
[Black "Wojtkiewicz, Aleksander"]
[Result "1/2-1/2"]
[WhiteElo "2625"]
[BlackElo "2580"]

1.d4 Nf6 2.c4 g6 3.g3 Bg7 4.Bg2 O-O 5.Nc3 d6 6.Nf3 c6 7.O-O Bf5 8.Ne1 Qd7
9.e4 Bh3 10.f3 Bxg2 11.Nxg2 Na6 12.Be3 Nc7 13.Qd2 Rfd8 14.Bh6 Bh8 15.Rad1 Rab8
16.Qe2 b5 17.e5 Nfe8 18.cxb5 Nxb5 19.Nxb5 Rxb5 20.Ne3 Nc7 21.f4 Nd5 22.Nc4 Nb6
23.b3 Bg7 24.Bxg7 Kxg7 25.f5 f6 26.fxg6 hxg6 27.exf6+ exf6 28.Rde1 Nxc4 29.bxc4 Rb7
30.Qf3 Rf8 31.d5 cxd5 32.Qxd5 Rc7 33.Re6 Rc5 34.Qxd6 Qxd6 35.Rxd6 Rxc4 36.Ra6 Rf7
37.Rf2 Rb4 38.Kg2 Rb6 39.Rxb6 axb6 40.Rb2 Ra7  1/2-1/2

[Event "New York op"]
[Site "New York"]
[Date "1993.??.??"]
[Round "7"]
[White "Dzindzichashvili, Roman"]
[Black "Wojtkiewicz, Aleksander"]
[Result "1/2-1/2"]
[WhiteElo "2550"]
[BlackElo "2580"]

1.d4 Nf6 2.c4 g6 3.Nc3 Bg7 4.Nf3 O-O 5.Bf4 d6 6.e3 c6 7.h3 a5 8.Be2 Na6 9.O-O Bd7
10.e4 Nc7 11.e5 Nfe8 12.Qd2 b5 13.c5 dxc5 14.dxc5 Ne6 15.Be3 Qc7 16.Rfe1 Rd8
17.Bf1 Bc8 18.Qc2 Bxe5 19.Nxe5 Qxe5 20.Bh6 Qxc5 21.Bxf8 Kxf8 22.Qc1 Nf6 23.Qh6+ Kg8
24.Qe3 Qxe3 25.fxe3 Rd2 26.Re2 Rd6 27.Rc2 Bd7 28.Be2 h5 29.Bf3 Ng5 30.h4 Ne6
31.Rd1 Kf8 32.Rcd2 Rxd2 33.Rxd2 Ke8 34.e4 Nc5 35.e5 Ng4 36.Re2 Kd8 37.Ne4 Nxe4
38.Rxe4 Kc7 39.Bxg4 Bxg4 40.Rd4 Be6 41.a3 Bd5 42.Kf2 Kd7 43.Rd2 Ke6 44.Re2 Kf5
45.Kg3 c5 46.Kf2 b4 47.axb4 axb4 48.Re1 c4 49.g3 Be4 50.Ra1 Kxe5 51.Ra4 c3
52.Rxb4 cxb2  1/2-1/2

[Event "New York Hudson"]
[Site "New York"]
[Date "1993.??.??"]
[Round "7"]
[White "Hellers, Ferdinand"]
[Black "Wojtkiewicz, Aleksander"]
[Result "0-1"]
[WhiteElo "2565"]
[BlackElo "2580"]

1.e4 c5 2.Nf3 d6 3.d4 cxd4 4.Nxd4 Nf6 5.Nc3 a6 6.Be3 e6 7.Be2 Be7 8.f4 O-O
9.g4 Nc6 10.g5 Nd7 11.h4 Re8 12.h5 Rb8 13.Qd2 Nxd4 14.Qxd4 b5 15.h6 e5 16.Qd2 exf4
17.Bxf4 g6 18.Qd4 Bf8 19.Nd5 Bb7 20.O-O-O Bxd5 21.Qxd5 Rc8 22.Rhf1 Qc7 23.c3 Nc5
24.Bg4 Rcd8 25.Rfe1 b4 26.Re3 bxc3 27.Rxc3 Rb8 28.Rd2 Rb4 29.Bf3 Qa5 30.Ra3 Qb5
31.Be2 Qb6 32.Bc4 Qc7 33.Kd1 Ne6 34.Rc2 Nxf4  0-1

[Event "New York op"]
[Site "New York"]
[Date "1993.??.??"]
[Round "8"]
[White "Wojtkiewicz, Aleksander"]
[Black "Ehlvest, Jaan"]
[Result "0-1"]
[WhiteElo "2580"]
[BlackElo "2625"]

1.Nf3 d6 2.d4 f5 3.c4 Nf6 4.g3 g6 5.Bg2 Bg7 6.O-O O-O 7.Nc3 Qe8 8.d5 Na6
9.Rb1 Bd7 10.Nd4 c6 11.b3 Rc8 12.e3 Nc5 13.Bb2 g5 14.f4 Qg6 15.Qc2 Ng4 16.Qd2 Qh5
17.h3 Nf6 18.Nde2 a5 19.Ba1 Qg6 20.Kh2 h5 21.Qe1 Rf7 22.a3 h4 23.gxh4 g4
24.Ng3 Kh8 25.b4 axb4 26.axb4 Na6 27.Qe2 Rg8 28.Rg1 Qh6 29.e4 Qxh4 30.Qe3 fxe4
31.Ncxe4 Nxe4 32.Nxe4 Bxa1 33.Rxa1 gxh3 34.Bh1 Rxg1 35.Rxg1 Qxf4+ 36.Qxf4 Rxf4
37.dxc6 Bxc6  0-1

[Event "New York Hudson"]
[Site "New York"]
[Date "1993.??.??"]
[Round "8"]
[White "Edelman, Daniel"]
[Black "Wojtkiewicz, Aleksander"]
[Result "1/2-1/2"]
[WhiteElo "2400"]
[BlackElo "2580"]

1.e4 c5 2.Nf3 d6 3.d4 cxd4 4.Nxd4 Nf6 5.Nc3 a6 6.Be3 e6 7.f3 b5 8.Qd2 Nbd7
9.g4 Nb6 10.a4 Nc4 11.Bxc4 bxc4 12.g5 Nd7 13.f4 Bb7 14.f5 Nc5 15.fxe6 fxe6
16.Qg2 g6 17.O-O Bg7 18.Rad1 Qe7 19.Qg4 Rf8 20.h4 Rf7 21.Nf3 Rc8 22.Bd4 Kf8
23.Bxg7+ Kxg7 24.Nh2 Rcf8 25.Rxf7+ Rxf7 26.Rf1 e5 27.Qe2 Rxf1+ 28.Nxf1 Qf7
29.Qg4 Bc6 30.Ne3 Nxa4 31.Nxa4 Bxa4 32.Qc8 Qa7 33.Kf2 Bxc2 34.Qxc4 Bb1 35.Ke2 Qb7
36.h5 Bxe4 37.h6+ Kf8 38.Ke1 d5 39.Qc5+ Ke8 40.Ng4 Kf7 41.Nxe5+ Ke6 42.Qf8 d4
43.Ng4 Bf5 44.Qe8+ Kd5 45.Nf6+ Kc4 46.Qa4+ Kc5 47.Qa3+ Kc4 48.Qa4+ Kc5 49.Qa3+ Kc4
50.Qa4+  1/2-1/2

[Event "New York Hudson"]
[Site "New York"]
[Date "1993.??.??"]
[Round "9"]
[White "Wojtkiewicz, Aleksander"]
[Black "Kaidanov, Grigory S"]
[Result "1/2-1/2"]
[WhiteElo "2580"]
[BlackElo "2620"]

1.Nf3 d5 2.d4 Nf6 3.c4 e6 4.g3 dxc4 5.Qa4+ Nbd7 6.Bg2 a6 7.Qxc4 b5 8.Qc6 Rb8
9.Bf4 Nd5 10.Bg5 Be7 11.Bxe7 Qxe7 12.Nc3 Bb7 13.Nxd5 Bxc6 14.Nxe7 Kxe7 15.O-O Bxf3
16.Bxf3 c5 17.dxc5 Nxc5 18.Rfc1 Rhc8 19.Rc2 Nd7 20.Rac1 Nb6 21.Rxc8 Rxc8
22.Rxc8 Nxc8 23.Bb7 Nd6 24.Bxa6 Kd7 25.b3 Kc6 26.a4 Kb6 27.Bxb5 Nxb5 28.axb5 Kxb5
29.Kg2 Kb4 30.Kf3 Kxb3  1/2-1/2

[Event "World op"]
[Site "Philadelphia"]
[Date "1993.??.??"]
[Round "?"]
[White "Wojtkiewicz, Aleksander"]
[Black "Zaichik, Gennadi"]
[Result "1/2-1/2"]
[WhiteElo "2570"]
[BlackElo "2510"]

1.Nf3 Nf6 2.c4 g6 3.g3 Bg7 4.Bg2 O-O 5.d4 d6 6.O-O Nbd7 7.Nc3 e5 8.h3 c6
9.e4 Qb6 10.c5 dxc5 11.dxe5 Ne8 12.e6 fxe6 13.Ng5 Nc7 14.f4 c4+ 15.Kh2 e5
16.Qe2 Qa6 17.f5 h6 18.Ne6 Nxe6 19.fxe6 Rxf1 20.exd7 Rf8 21.dxc8=Q Raxc8
22.h4 b5 23.Be3 Rf6 24.Nd1 Rd8 25.Nf2 Rfd6 26.h5 gxh5 27.Qxh5 Qb7 28.Rf1 Qf7
29.Qe2 Qg6 30.Bh3  1/2-1/2

[Event "Keres mem"]
[Site "Rakvere"]
[Date "1993.??.??"]
[Round "1"]
[White "Wojtkiewicz, Aleksander"]
[Black "Yermolinsky, Alex"]
[Result "1/2-1/2"]
[WhiteElo "2570"]
[BlackElo "2605"]

1.Nf3 d5 2.d4 c5 3.c4 dxc4 4.e3 cxd4 5.Bxc4 Qc7 6.Qb3 e6 7.exd4 Nf6 8.Nc3 a6
9.Bg5 Be7 10.d5 exd5 11.Nxd5 Nxd5 12.Bxd5 O-O 13.O-O Nc6 14.Bxc6 bxc6 15.Bxe7 Qxe7
16.Qc3 c5 17.Rfc1 Rb8 18.b3 Rb5 19.Ne5 Be6 20.Nd3 a5 21.Qe5 Rc8 22.Rc3 Qc7
23.Qxc7 Rxc7 24.Rac1 a4 25.bxa4 Ra5 26.Rxc5 Rcxc5 27.Nxc5 Bxa2 28.f3 Kf8
29.Kf2 Bd5 30.Ke3 Ke7 31.Kd4 Kd6 32.h4 h5 33.Rc3 f5 34.g3 g6 35.f4 Bc6 36.Rc1 Bd5
37.Rc2 Bc6 38.Rc4 Bd5 39.Rc2 Bc6 40.Rc1 Bd5 41.Rc3 Bc6  1/2-1/2

[Event "Keres mem"]
[Site "Rakvere"]
[Date "1993.??.??"]
[Round "3"]
[White "Ehlvest, Jaan"]
[Black "Wojtkiewicz, Aleksander"]
[Result "1/2-1/2"]
[WhiteElo "2620"]
[BlackElo "2570"]

1.d4 Nf6 2.c4 g6 3.Nc3 Bg7 4.e4 d6 5.Be2 O-O 6.Nf3 e5 7.O-O Nc6 8.d5 Ne7
9.Nd2 a5 10.Rb1 Nd7 11.a3 f5 12.b4 Kh8 13.f3 Ng8 14.Qc2 Ngf6 15.Bd3 f4 16.Be2 h5
17.c5 dxc5 18.bxc5 Nxc5 19.Nb5 Nfd7 20.a4 b6 21.Ba3 Rf6 22.Nc4 Bf8 23.Kh1 Ba6
24.Rfd1 Bxb5 25.Rxb5 Qe8 26.Rbb1 Rc8 27.Bb2 Kh7 28.Na3 Bd6 29.Bb5 Qe7 30.Nc4 Rff8
31.Rdc1 Rcd8 32.Ba3 g5 33.Bxd7 Rxd7 34.Nxd6 cxd6 35.Rxb6 Rc8 36.Qd1 Rdc7
37.Rcb1 Qd7 38.h3 Kh6 39.R6b5 g4 40.Bxc5 Rxc5 41.fxg4 hxg4 42.Rxc5 Rxc5 43.Qxg4 Qxg4
44.hxg4 Rc4 45.Rb6 Rxa4 46.Rxd6+ Kg7 47.Re6 Rxe4 48.d6 a4 49.d7 Rd4 50.Rxe5 Rxd7
51.Ra5  1/2-1/2

[Event "Keres mem"]
[Site "Rakvere"]
[Date "1993.??.??"]
[Round "5"]
[White "Wojtkiewicz, Aleksander"]
[Black "Rozentalis, Eduardas"]
[Result "1/2-1/2"]
[WhiteElo "2570"]
[BlackElo "2600"]

1.Nf3 Nf6 2.c4 e6 3.g3 b6 4.Bg2 Bb7 5.O-O Be7 6.Nc3 O-O 7.d4 Ne4 8.Qc2 Nxc3
9.Qxc3 f5 10.b3 Bf6 11.Bb2 d6 12.Qd2 Be4 13.Ne1 Bxg2 14.Kxg2 Nd7 15.Rd1 Qe7
16.Nd3 Rae8 17.Rfe1 Qf7 18.e4 fxe4  1/2-1/2

[Event "Keres mem"]
[Site "Rakvere"]
[Date "1993.??.??"]
[Round "6"]
[White "Yermolinsky, Alex"]
[Black "Wojtkiewicz, Aleksander"]
[Result "1-0"]
[WhiteElo "2605"]
[BlackElo "2570"]

1.d4 Nf6 2.c4 e6 3.Nc3 Bb4 4.Bg5 h6 5.Bh4 c5 6.d5 Bxc3+ 7.bxc3 d6 8.e3 e5
9.f3 Nbd7 10.Bd3 Qe7 11.Qb1 g5 12.Bg3 Rg8 13.Ne2 Kd8 14.O-O Kc7 15.Bf2 Nf8
16.Ng3 Ng6 17.a4 h5 18.Ra2 h4 19.Nf5 Qf8 20.Rb2 Rb8 21.a5 Ne7 22.e4 Nxf5
23.exf5 Nh5 24.Be4 Nf6 25.Bc2 Bd7 26.h3 Qc8 27.Re1 Ne8 28.Rxe5 dxe5 29.Bxc5 Ra8
30.Bf2 Nd6 31.c5 Nc4 32.Ra2 a6 33.Bd3 Bb5 34.Qb4 e4 35.Bxc4 Qxf5 36.c6 bxc6
37.Qe7+ Qd7 38.d6+ Kc8 39.Bxf7 Qxe7 40.dxe7 Kd7 41.c4  1-0

[Event "Keres mem"]
[Site "Rakvere"]
[Date "1993.??.??"]
[Round "8"]
[White "Wojtkiewicz, Aleksander"]
[Black "Ehlvest, Jaan"]
[Result "1/2-1/2"]
[WhiteElo "2570"]
[BlackElo "2620"]

1.Nf3 d5 2.d4 Nf6 3.c4 dxc4 4.e3 e6 5.Bxc4 a6 6.O-O c5 7.dxc5 Bxc5 8.Qxd8+ Kxd8
9.Nbd2 Ke7 10.b3 b6 11.Bb2 Nbd7 12.Rfd1 Bb7 13.a3 Rhd8 14.Be2 Rac8 15.b4 Bd6
16.Rdc1 Rxc1+ 17.Rxc1 Rc8 18.Rxc8 Bxc8 19.Kf1 Bb7  1/2-1/2

[Event "Keres mem"]
[Site "Rakvere"]
[Date "1993.??.??"]
[Round "9"]
[White "Rozentalis, Eduardas"]
[Black "Wojtkiewicz, Aleksander"]
[Result "1/2-1/2"]
[WhiteElo "2600"]
[BlackElo "2570"]

1.d4 Nf6 2.Nf3 g6 3.Bg5 Bg7 4.Nbd2 d5 5.e3 O-O 6.c3 Nbd7 7.Bd3 Re8 8.O-O e5
9.Nxe5 Nxe5 10.dxe5 Rxe5 11.Bh4 Re8 12.Qc2 c6 13.Rfe1 Qc7 14.e4 Nxe4 15.Nxe4 dxe4
16.Rxe4 Rxe4 17.Bxe4 Be6 18.a3  1/2-1/2

[Event "Keres mem"]
[Site "Rakvere"]
[Date "1993.??.??"]
[Round "10"]
[White "Wojtkiewicz, Aleksander"]
[Black "Hodgson, Julian M"]
[Result "1/2-1/2"]
[WhiteElo "2570"]
[BlackElo "2625"]

1.Nf3 d5 2.d4 Nf6 3.c4 c6 4.e3 Bf5 5.Nc3 e6 6.Bd3 Bxd3 7.Qxd3 Bb4 8.O-O O-O
9.b3 Nbd7 10.Bb2 Qe7 11.a3 Bd6 12.e4 dxe4 13.Nxe4 Nxe4 14.Qxe4 Rfe8 15.Rfe1 Nf6
16.Qc2 Rad8 17.Ne5 Nd7 18.Red1 Nxe5 19.dxe5 Bc7 20.g3 Rxd1+ 21.Rxd1 Rd8 22.Kg2 Rxd1  1/2-1/2

[Event "St Martin op"]
[Site "St Martin"]
[Date "1993.??.??"]
[Round "4"]
[White "Garcia, Gildardo"]
[Black "Wojtkiewicz, Aleksander"]
[Result "1/2-1/2"]
[WhiteElo "2520"]
[BlackElo "2580"]

1.e4 c5 2.Nf3 d6 3.d4 cxd4 4.Nxd4 Nf6 5.Nc3 a6 6.Be2 e6 7.O-O Qc7 8.f4 Be7
9.Qe1 O-O 10.Qg3 Nc6 11.Be3 Nxd4 12.Bxd4 b5 13.a3 Bb7 14.Rae1 Rad8 15.Kh1 Bc6
16.Bf3 Qb7 17.Re2 a5 18.Rfe1 Rd7 19.b4 axb4 20.axb4 g6 21.h3 d5 22.exd5 Nxd5
23.f5 Nxc3 24.fxg6 hxg6 25.Rxe6 Bh4 26.Qxh4 Rxd4 27.Qxd4 fxe6 28.Rxe6 Bxf3
29.Rxg6+ Kh7 30.Rg5 Ne4 31.Re5 Bxg2+ 32.Kxg2 Rg8+ 33.Kh2 Nf6  1/2-1/2

[Event "St Martin op"]
[Site "St Martin"]
[Date "1993.??.??"]
[Round "5"]
[White "Wojtkiewicz, Aleksander"]
[Black "Fedorowicz, John P"]
[Result "1/2-1/2"]
[WhiteElo "2580"]
[BlackElo "2535"]

1.Nf3 Nf6 2.c4 g6 3.g3 Bg7 4.Bg2 O-O 5.d4 c6 6.Nc3 d5 7.cxd5 cxd5 8.Ne5 Nc6
9.O-O e6 10.Bg5 h6 11.Bf4 Nh5 12.Nxc6 bxc6 13.Be3 Nf6 14.Na4 Kh7 15.Rc1 Bd7
16.Qd3 Ng4 17.Bd2 Rb8 18.b3 h5 19.e3 e5 20.dxe5 Nxe5 21.Qa6 Bf5 22.Nc5 Qe7
23.Bc3 Rb6 24.Qe2 Bg4 25.f3 Bc8 26.Bd4 Re8 27.Qd2 Rb8 28.Rfe1 f5 29.Qc3 h4
30.Kf2 Kg8 31.Nd3 Nxd3+ 32.Qxd3 hxg3+ 33.hxg3 Bd7 34.Qc3 Bxd4 35.exd4 Qa3
36.Qd2  1/2-1/2